Foreign Direct Investment in South Africa: The Initial Impact of the Trade, Development and Co-operation Agreement between South Africa and the European Union (Record no. 3003)
[ view plain ]
| 000 -LEADER | |
|---|---|
| fixed length control field | 00404nam a22001217a 4500 |
| 008 - FIXED-LENGTH DATA ELEMENTS--GENERAL INFORMATION | |
| fixed length control field | 230629b xxu||||| |||| 00| 0 eng d |
| 020 ## - INTERNATIONAL STANDARD BOOK NUMBER | |
| International Standard Book Number | 0621365289 |
| 082 ## - DEWEY DECIMAL CLASSIFICATION NUMBER | |
| Classification number | 338.9 |
| Item number | THO |
| 245 ## - TITLE STATEMENT | |
| Title | Foreign Direct Investment in South Africa: The Initial Impact of the Trade, Development and Co-operation Agreement between South Africa and the European Union |
| 300 ## - PHYSICAL DESCRIPTION | |
| Extent | V,47,D9p |
| 440 ## - SERIES STATEMENT/ADDED ENTRY--TITLE | |
| Number of part/section of a work | 1 |
| 942 ## - ADDED ENTRY ELEMENTS (KOHA) | |
| Source of classification or shelving scheme | Dewey Decimal Classification |
| Koha item type | Books |
| Withdrawn status | Lost status | Source of classification or shelving scheme | Damaged status | Not for loan | Home library | Current library | Date acquired | Total Checkouts | Full call number | Barcode | Date last seen | Price effective from | Koha item type |
|---|---|---|---|---|---|---|---|---|---|---|---|---|---|
| Dewey Decimal Classification | County Hall Archives | County Hall Archives | 06/29/2023 | 338.9 THO | 10010370 | 06/29/2023 | 06/29/2023 | Books |
